| 000 | 00497nam a2200193Ia 4500 | ||
|---|---|---|---|
| 003 | 0STCL | ||
| 005 | 20241004125001.0 | ||
| 008 | 150530s9999 xx 000 0 und d | ||
| 040 |
_aSTCL _cSTCL |
||
| 100 | _aManohara Varma | ||
| 245 | _aഉത്സവങ്ങളുടെ താളം | ||
| 246 | _aUlsavangalude Thalam | ||
| 250 | _a1 | ||
| 260 |
_bSahitya Pravarthaka Co Operative Society ; Kottaya _c1998 |
||
| 300 | _a0 | ||
| 546 | _aMalayalam | ||
| 942 |
_2ddc _cBK |
||
| 999 |
_c73105 _d73105 |
||